| 000 | 00905cam a2200253 a 4500 | ||
|---|---|---|---|
| 001 | 000005791 | ||
| 005 | 20200929151803.0 | ||
| 008 | 880819s1985 uy 001 f spa | ||
| 010 | _a88885145 | ||
| 040 |
_aDO-SdBNP _cDLC _dDLC |
||
| 082 |
_aU863.3 _bA174i |
||
| 100 | 1 |
_aAcevedo Díaz, Eduardo, _d1851-1921. _916380 |
|
| 245 | 1 | 0 |
_aIsmael / _cEduardo Acevedo Díaz ; prólogo de Roberto Ibanez. |
| 260 |
_aMontevideo : _bMinisterio de Educación y Cultura, _c1985. |
||
| 300 |
_alxvi, 361 p. ; _c20 cm. |
||
| 490 | 1 |
_aBiblioteca Artigas _vv. 4 |
|
| 490 | 1 |
_aClásicos uruguayos _vv. 4 |
|
| 504 | _aIncluye referencias bibliográficas y notas al pie de las páginas | ||
| 650 | 4 |
_aNovela uruguaya _95679 |
|
| 650 | 4 |
_aLiteratura uruguaya _93054 |
|
| 700 | 1 |
_aIbanez, Roberto _epról. _916381 |
|
| 830 | 0 |
_aBiblioteca Artigas _pClásicos uruguayos ; _vv. 4 _916276 |
|
| 910 | _aCatalogación por copia / LC | ||
| 999 |
_c5587 _d5587 |
||